Social Media Logos - Statistics

General Stats
  • This quiz has been taken 138 times
  • The average score is 4 of 6
Answer Stats
Picture Answer % Correct
Facebook
100%
Instagram
100%
Twitter
100%
YouTube
94%
TikTok
35%
Moj
18%
No matching quizzes found
Score Distribution
Percent of People with Each Score
Percentile by Number Answered
Your Score History
You have not taken this quiz